00409nam a2200085Ia 4500008004100000245005800041500013000099650002800229856006600257160329s9999 xx 000 0 und d aDigital Library of Information Science and Technology aContains published and unpublished papers, data sets instructional and help materials, pathfinder , reports & bibliographies. aInformation Technology. uhttp://arizona.openrepository.com/arizona/handle/10150/105067